Municipal corporatio of Delhi : Year book 1967-70 (Record no. 409079)

000 -LEADER
fixed length control field 00372cam a22001097a 4500
008 - FIXED-LENGTH DATA ELEMENTS--GENERAL INFORMATION
fixed length control field 180718b1970 xxu||||| |||| 00| 0 eng d
082 ## - DEWEY DECIMAL CLASSIFICATION NUMBER
Classification number B73069mcx5461 D378
245 ## - TITLE STATEMENT
Title Municipal corporatio of Delhi : Year book 1967-70
Statement of responsibility, etc. By Municipal corporatio of Delhi
260 ## - PUBLICATION, DISTRIBUTION, ETC.
Place of publication, distribution, etc. Delhi
Name of publisher, distributor, etc. Municipal corporatio of Delhi
Date of publication, distribution, etc. 1970
300 ## - PHYSICAL DESCRIPTION
Extent 248p
650 ## - SUBJECT ADDED ENTRY--TOPICAL TERM
Topical term or geographic name entry element India -- Municipal corporations
Holdings
Withdrawn status Lost status Damaged status Not for loan Permanent Location Current Location Date acquired Full call number Barcode Date last seen Price effective from Koha item type
        Indian Institute of Public Administration Indian Institute of Public Administration 2008-12-31 B73069mcx5461 D378 D898 2018-07-21 2018-07-21 D

Powered by Koha